Dyson y9 Spanish vocab Holidays Quiz Stats

 Plays Quiz not verified by Sporcle

Score 0/45 Timer 10:00
0 Plays Today
% Correct
in a hotel
77.8%
with my friends
74.7%
in a van
72.7%
in a camping
72.7%
in a flat hotel
70.7%
a bar
66.7%
in a villa
65.7%
i went to
64.6%
a gym
64.6%
England
64.6%
France
62.6%
Italy
62.6%
Spain
61.6%
to visit monuments
61.6%
i stay
60.6%
by car
60.6%
by plane
59.6%
with relatives
58.6%
to the mountains
57.6%
with my school
56.6%
a swimming pool
56.6%
Scotland
55.6%
by motorbike
55.6%
% Correct
to the beach
54.5%
to take photos
54.5%
by boat
54.5%
Germany
53.5%
in the city centre
52.5%
in the coast
51.5%
to sunbathe
51.5%
to go to the disco
49.5%
to dance
46.5%
in the countryside
45.5%
to sleep
43.4%
a laundry
40.4%
to swim
40.4%
in the city
37.4%
in a bed and breakfast
36.4%
to do horseriding
35.4%
in a disco
34.3%
a shop
34.3%
in a youth hostel
33.3%
a sea-view
31.3%
in a village
24.2%
to relax
23.2%

You're not logged in!

Compare scores with friends on all Sporcle quizzes.
OR
Log In

Sporcle TV

Today on Sporcle TV


Watch our educational content, quiz creation guides, and fun videos on Sporcle TV.

Show Comments

Extras

Created Jan 5, 2015ReportNominate
Tags:Clickable Quiz

Top Quizzes Today


Score Distribution

Your Account Isn't Verified!

In order to create a playlist on Sporcle, you need to verify the email address you used during registration. Go to your Sporcle Settings to finish the process.

Report this User

Report this user for behavior that violates our Community Guidelines.

Details: